000 00902cam a2200277 i 4500
999 _c130252
_d130252
001 1267088
003 ARRUPE
005 20200131120507.0
008 741030s1973 enkacf b 001 0 eng
010 _a 74186524
015 _aGB74-05960
020 _a023396410X :
_c£4.80
040 _aDLC
_cDLC
_dDLC
043 _ae-uk---
_ae-uk-en
050 0 0 _aAM101.B87
_bM63 1973
082 0 0 _a069/.09421/42
100 1 _aMiller, Edward,
_d1914-
_949248
245 1 0 _aThat noble cabinet :
_ba history of the British Museum /
_c[by] Edward Miller ; foreword by Sir John Wolfenden.
260 _aLondon :
_bAndre Deutsch,
_c1973.
300 _a3-400 p., [16] p. of plates :
_bill., ports. ;
_c24 cm.
500 _aIncludes index.
504 _aBibliography: p. [372]-285.
610 2 0 _aBritish Museum
_xHistory.
_949249
906 _a7
_bcbc
_corignew
_d3
_encip
_f19
_gy-gencatlg
942 _2lcc
_cMONOGRAPH